Growth and change in the future city region /

Kaydedildi:
Detaylı Bibliyografya
Müşterek Yazar: British Council
Diğer Yazarlar: Boynton, John K., Hancock, Tom (Thomas Reeves)
Materyal Türü: Kitap
Dil:English
Baskı/Yayın Bilgisi: [Glasgow] : Leonard Hill, 1976.
Konular:
LEADER 01378cam a2200361 a 4500
001 c000284242
003 CARM
005 20080710092407.0
008 801001s1976 stkab b 001 0 eng d
010 |a 77361716 
015 |a GB77-06481 
019 1 |a 2274658  |z 27530516  |5 LACONCORD2021 
020 |a 0249441489 :  |c £6.95 
035 |a (OCoLC)3241471  |5 LACONCORD2021 
040 |a LC  |b eng  |c LC  |d XNTU  |d VCAV 
050 0 0 |a HT151  |b .G72 
050 1 4 |a HT151  |b .G72 
082 0 4 |a 307.764  |2 19 
082 0 4 |a 301.36 
245 0 0 |a Growth and change in the future city region /  |c edited by Tom Hancock ; contributors John Boynton ... [et al.]. 
260 |a [Glasgow] :  |b Leonard Hill,  |c 1976. 
300 |a xxii, 262 p. :  |b ill., maps ;  |c 24 cm. 
500 |a "The symposium on which this book is based was held under the auspices of the British Council in the late spring of 1975." 
504 |a Includes bibliographical references and index. 
650 0 |a Cities and towns. 
650 0 |a Urban economics. 
650 0 |a City planning. 
700 1 |a Boynton, John K. 
700 1 |a Hancock, Tom  |q (Thomas Reeves) 
710 2 |a British Council. 
852 8 |b CARM  |h A3:AR05B0  |i B10756  |p 0492285  |f BK 
999 f f |i db8a8e71-65c5-5516-98ff-9910e1fb9f7e  |s 2a67bd66-bd3c-5c72-adb3-00ce2e4af79d 
952 f f |p Can circulate  |a CAVAL  |b CAVAL  |c CAVAL  |d CARM 1 Store  |e B10756  |f A3:AR05B0  |h Other scheme  |i book  |m 0492285